| 000 | 00808nmm a2200253 a 4500 | ||
|---|---|---|---|
| 001 | ocm000702110 | ||
| 003 | TR-IsHL | ||
| 005 | 20201028135719.0 | ||
| 008 | 131209s2010 tu tur | ||
| 007 | cr cn | ||
| 035 |
_a702110 _b(N$T) |
||
| 050 | 0 | 4 |
_aPL240 _b.K34 2010 |
| 090 | 0 | 4 |
_aPL240 _b.K34 2010 |
| 245 | 1 | 0 |
_aKahraman çiçek _h[electronic resource] / _ceditör Derya Günay |
| 260 |
_aİstanbul : _bBirleşik Yayın Grubu, _c2010 |
||
| 300 | _a63 p. | ||
| 650 | 4 | _aDil ve Edebiyat | |
| 650 | 4 | _aLanguage and Literature | |
| 650 | 0 | _aÇocuk edebiyatı | |
| 650 | 0 | _aChildren's literature | |
| 650 | 7 |
_aLITERARY CRITICISM / Children's Literature _2bisacsh |
|
| 700 | 1 | _aGünay, Derya | |
| 856 | 4 | 0 | _uhttp://search.ebscohost.com/login.aspx?direct=true&scope=site&db=e011xww&AN=702110 |
| 999 |
_c6893 _d6893 |
||